Norwich City Players And Their Transfers #2 - Statistics

General Stats
  • This quiz has been taken 12 times
  • The average score is 28 of 50
Answer Stats
Answer % Correct
Newcastle United
100%
Swansea City
100%
Blackburn Rovers
90%
Burnley
90%
Everton
90%
Ipswich Town
90%
Manchester United
90%
Birmingham City
80%
Galatasaray
80%
Luton Town
80%
Middlesbrough
80%
Queens Park Rangers
80%
Rangers
80%
Rotherham United
80%
West Ham United
80%
Celtic
70%
Derby County
70%
Hibernian
70%
Cardiff City
60%
Dinamo Zagreb
60%
Leeds United
60%
São Paulo
60%
Sunderland
60%
West Bromwich Albion
60%
Wolverhampton Wanderers
60%
Aberdeen
50%
Brighton & Hove Albion
50%
Brisbane Roar
50%
Liverpool
50%
Universidad Católica
50%
York City
50%
Coventry City
40%
Inter Milan
40%
Melbourne Victory
40%
Millwall
40%
Reading
40%
Sheffield United
40%
Tottenham Hotspur
40%
Bolton Wanderers
30%
Borussia Mönchengladbach
30%
Colchester United
30%
Dartford
30%
FC Twente
30%
Peterborough United
30%
Southampton
30%
Crewe Alexandra
20%
Leicester City
20%
Southend United
20%
St. Mirren
20%
Gillingham
10%
No matching quizzes found
Score Distribution
Percent of People with Each Score
Percentile by Number Answered
Your Score History
You have not taken this quiz